224 atrizes internacionais - Statistics

Estatísticas Gerais
  • Esse quiz foi jogado 523 vezes
    517 desde o último reset
  • A pontuação média é 66 de 224
Estatísticas das Respostas
Inicial Atriz % Correto
A Angelina Jolie
79%
J Julia Roberts
76%
J Jennifer Aniston
74%
E Emma Watson
72%
J Jennifer Lawrence
72%
M Meryl Streep
69%
E Emma Stone
68%
A Anne Hathaway
67%
S Sandra Bullock
67%
N Natalie Portman
64%
J Jennifer Lopez
59%
K Kate Winslet
58%
S Scarlett Johansson
58%
K Kristen Stewart
56%
C Cameron Diaz
55%
V Viola Davis
55%
N Nicole Kidman
54%
R Rachel McAdams
53%
D Drew Barrymore
51%
A Amy Adams
50%
M Margot Robbie
50%
M Marilyn Monroe
50%
K Kate Hudson
49%
D Demi Moore
48%
E Emma Roberts
48%
J Jennifer Garner
48%
S Selena Gomez
48%
G Gal Gadot
47%
A Amanda Seyfried
46%
E Elizabeth Olsen
46%
L Lindsay Lohan
46%
M Megan Fox
46%
M Miley Cyrus
46%
P Penélope Cruz
46%
U Uma Thurman
46%
Z Zoe Saldana
46%
D Dakota Fanning
45%
H Halle Berry
45%
L Lucy Liu
45%
A Audrey Hepburn
44%
D Demi Lovato
44%
J Jessica Alba
44%
M Mila Kunis
44%
S Salma Hayek
44%
C Cate Blanchett
43%
E Emma Thompson
42%
J Jane Fonda
42%
E Emily Blunt
41%
L Lisa Kudrow
41%
W Winona Ryder
41%
C Catherine Zeta-Jones
40%
C Charlize Theron
40%
E Elizabeth Taylor
40%
E Elle Fanning
40%
G Gwyneth Paltrow
40%
Q Queen Latifah
40%
V Vanessa Hudgens
40%
J Jodie Foster
39%
J Julianne Moore
39%
L Lady Gaga
39%
S Sarah Jessica Parker
39%
S Susan Sarandon
39%
J Julie Andrews
38%
M Madonna
38%
M Michelle Pfeiffer
38%
W Whoopi Goldberg
38%
R Reese Witherspoon
37%
D Dakota Johnson
36%
K Kirsten Dunst
36%
J Jessica Chastain
35%
S Sofía Vergara
35%
C Cher
34%
C Courteney Cox
34%
B Bette Davis
33%
B Brie Larson
33%
J Jessica Biel
33%
L Lily Collins
33%
M Melissa McCarthy
33%
K Keira Knightley
32%
D Diane Keaton
31%
G Grace Kelly
31%
K Kathy Bates
31%
N Nina Dobrev
31%
S Sharon Stone
31%
A Alicia Silverstone
30%
A Anna Kendrick
30%
B Barbra Streisand
30%
E Ellen Pompeo
30%
E Emilia Clarke
30%
I Ingrid Bergman
30%
J Jennifer Hudson
30%
J Judi Dench
30%
A Amanda Bynes
29%
B Blake Lively
29%
H Helen Hunt
29%
H Hilary Swank
29%
K Kate Beckinsale
29%
M Meg Ryan
29%
S Sandra Oh
29%
S Sophia Loren
29%
B Brooke Shields
28%
E Eva Mendes
28%
G Geena Davis
28%
H Helen Mirren
28%
J Jamie Lee Curtis
28%
K Katharine Hepburn
28%
N Naomi Watts
28%
S Sarah Paulson
28%
V Vera Farmiga
28%
M Michelle Williams
27%
O Olivia Newton-John
27%
R Renée Zellweger
27%
S Sigourney Weaver
27%
T Tilda Swinton
27%
T Tina Fey
27%
E Ellen Page
26%
I Isla Fisher
26%
J Jessica Lange
26%
K Katie Holmes
26%
K Kristen Bell
26%
M Maggie Smith
26%
B Bryce Dallas Howard
25%
H Hilary Duff
25%
K Katherine Heigl
25%
M Mandy Moore
25%
O Olivia Wilde
25%
Z Zooey Deschanel
25%
B Britney Spears
24%
B Brittany Murphy
24%
H Helena Bonham Carter
24%
L Liv Tyler
24%
L Lupita Nyong'o
24%
P Pamela Anderson
24%
P Patricia Arquette
24%
R Rachel Weisz
24%
A Amber Heard
23%
A Anna Paquin
23%
B Brigitte Bardot
23%
J Jennifer Connelly
23%
O Octavia Spencer
23%
S Sally Field
23%
A Ashley Tisdale
22%
A Ava Gardner
22%
D Diane Lane
22%
E Eva Longoria
22%
L Lea Michele
22%
V Vivien Leigh
22%
E Elizabeth Banks
21%
E Eva Green
21%
L Lucy Hale
21%
S Saoirse Ronan
21%
A Anna Faris
20%
C Carrie Fisher
20%
K Kim Basinger
20%
M Mia Farrow
20%
G Goldie Hawn
19%
L Lily James
19%
M Milla Jovovich
19%
S Selma Blair
19%
A Annette Bening
18%
C Catherine Deneuve
18%
C Chloë Grace Moretz
18%
F Felicity Jones
18%
J Julia Stiles
18%
K Kaley Cuoco
18%
K Kate Mara
18%
L Liza Minnelli
18%
M Marion Cotillard
18%
R Rebel Wilson
18%
R Rita Hayworth
18%
A Alicia Vikander
17%
D Diane Kruger
17%
E Emily Watson
17%
F Farrah Fawcett
17%
F Faye Dunaway
17%
J Joan Crawford
17%
K Kristen Wiig
17%
A Amy Poehler
16%
C Christina Applegate
16%
R Rosamund Pike
16%
C Cara Delevingne
15%
J Jessica Tandy
15%
A Amy Schumer
14%
D Dianna Agron
14%
J Julia Louis-Dreyfus
14%
N Naomie Harris
14%
N Naya Rivera
14%
P Priyanka Chopra
14%
R Rooney Mara
14%
A Amanda Peet
13%
C Claire Danes
13%
E Evan Rachel Wood
13%
J Jane Lynch
13%
K Kate Walsh
13%
L Leighton Meester
13%
M Melissa Benoist
13%
M Melissa Leo
13%
A Aubrey Plaza
12%
M Molly Ringwald
12%
N Nikki Reed
12%
V Veronica Lake
12%
A Ashley Benson
11%
C Cobie Smulders
11%
D Daisy Ridley
11%
K Kate McKinnon
11%
R Rachel Bilson
11%
R Robin Wright
11%
A Ashley Greene
10%
E Emily Osment
10%
N Noomi Rapace
10%
R Rose Byrne
10%
A Abigail Breslin
9%
H Hailee Steinfeld
9%
J Julianne Hough
9%
M Mischa Barton
9%
R Ruth Negga
9%
S Shailene Woodley
9%
B Britt Robertson
8%
L Laura Linney
7%
T Taraji P. Henson
5%
L Lena Headey
4%
A Alison Brie
3%
A Alyson Hannigan
3%
H Hayden Panettiere
3%
Nenhum quiz correspondente encontrado
Distribuição das Pontuações
Porcentagem de Pessoas com Cada Pontuação
Percentil de Números Respondidos
Sua Pontuação Histórica
Você não jogou esse quiz desde o último reset